000 00698nam a2200265Ia 4500
003 OSt
005 20221007110620.0
006 a|||||r|||| 00| 0
007 ta
008 221006b |||||||| |||| 00| 0 eng d
020 _a0714632589
024 _a21,451
037 _cTextual
040 _aLCO
_cLCO
_beng
041 _2eng
_aeng
082 _aX9W, M3
100 _aReddy G. Ram
245 0 _aGovernment and Public Enterprise
260 _aLondon
_bFrank Cass & Co. Ltd. U.K.
_c1983
300 _a306
500 _aEssays in honor of Professor V.V. Ramanadham
650 _aPUBLIC ENTERPRISE
942 _hX9W, M3
_cTEXL
999 _c1191014
_d1191014